Players on Multiple Ballon d'Or Podiums - Statistics

General Stats
  • This quiz has been taken 42 times
  • The average score is 12 of 16
Answer Stats
Top 3 Wins Country Player % Correct
12 5 Portugal Cristiano Ronaldo
100%
14 8 Argentina Lionel Messi
100%
4 2 Brazil Ronaldo
100%
3 0 Spain Xavi
97%
3 1 France Zinedine Zidane
95%
2 0 Spain Andrés Iniesta
89%
3 1 Ukraine Andriy Shevchenko
89%
2 1 Brazil Ronaldinho
89%
2 0 Brazil Neymar
84%
2 1 Bulgaria Hristo Stoichkov
82%
2 0 France Thierry Henry
76%
2 1 Italy Roberto Baggio
71%
2 0 Germany Oliver Kahn
50%
2 0 Italy Paolo Maldini
50%
2 0 France Antoine Griezmann
45%
2 0 Netherlands Dennis Bergkamp
24%
No matching quizzes found
Score Distribution
Percent of People with Each Score
Percentile by Number Answered
Your Score History
You have not taken this quiz